| 000 | 00420cam a2200169ua 4500 | ||
|---|---|---|---|
| 020 | _c2.00 | ||
| 041 |
_amal _h |
||
| 082 |
_a894.812308 _bBHA/CH |
||
| 100 | _aBhagavati Charan, Varma . | ||
| 245 |
_aChitralekha / _cBhagavati Charan Varma. _hTextual Documents |
||
| 260 |
_aChennai : _bOrient-Longman Ltd , _c1961. |
||
| 300 | _a218 ; . | ||
| 365 | _a2.00 | ||
| 504 | _a | ||
| 942 | _cBK | ||
| 999 |
_c4647 _d4647 |
||